00304nam a2200109Ia 4500008004100000041000800041082001400049100001700063245005900080260003600139300001900175241028s9999 xx 000 0 und d aeng a123.3 KLA aKlaas Briian aFLUKE : Chance, chaos,and why everything we do matters bJohn Murray pressaLondonc2024 a316;. P. 23 cm